000 01701nam a22003971i 4500
999 _c64417
_d64417
001 768714001
003 CO-MdFUSB
005 20191121161949.0
008 870220s1987 ilu b 001 0 eng
010 _a 87005572
020 _a0877849404 (pbk.) :
_c$6.95
040 _aDLC
_dDLC
_bspa
_cCO-MdFUSB
_erda
041 _aeng
082 0 0 _a226.061
_223
_bG795g
100 1 _aGreen, Joel B.,
_d1956-
_eautor
245 0 0 _aHow to read the Gospels & Acts
_c/ Joel B. Green.
264 1 _aDowners Grove, Ill. :
_bInterVarsity Press,
_c℗[1987]
264 4 _c©1987
300 _a179 páginas ;
_c21 cm.
336 _2rdacontent
_atexto
_btxt
337 _2rdamedia
_asin mediación
_bn
338 _2rdacarrier
_avolumen
_bnc
490 1 _aHow to Read Series
504 _aIncluye Indice de escrituras (página 177)
505 _gParte I.
_tDesarrollando los evangelios:
_a Una introducción a la lectura de los evangelios -- Jesús en el contexto histórico.
505 _gParte Il.
_tLa naturaleza de los evangelios:
_aLos evangelios como las buenas nuevas -- La historia de los evangelios -- Los evangelios como teología.
505 _gParte Ill.
_tEl mensaje de los evangelios:
_aLos evangelios como historia -- Historia contada en los evangelios -- La forma del mensaje de Jesús -- Parábolas en las enseñanzas de Jesús -- Jesús y el Reino de Dios -- Epílogo -- Notas -- Lecturas sugeridas.
563 _aTapa rústica
630 7 _aBiblia.
_pHechos
_xCrítica, interpretación, etc.
830 _aHow to Read Series
906 _a7
_bcbc
_corignew
_d1
_eocip
_f19
_gy-gencatlg
942 _cBK
945 _aJTF-925